000 00695nam a2200277Ia 4500
005 20260121124610.0
008 008 260114s9999 xx 000 0 eng d
020 _a9781399506441
037 _aEBOOK
040 _aCRL
040 _beng
040 _cCRL
041 _2eng
041 _aeng
084 _qCRL
100 _aTorrance, David
_9978713
245 2 _aA History of the Scottish Conservative and Unionist Parties
260 _bWalter de Gruyter
260 _bWalter de Gruyter
260 _c2024
650 _aPolitical Science
_9978714
856 _uhttp://www.degruyter.com/isbn/9781399506441
942 _cEBOOK
999 _c1555795
_d1555795